| 000 | 01486nam a2200457 i 4500 | ||
|---|---|---|---|
| 999 |
_c49013 _d49013 |
||
| 001 | 49013 | ||
| 003 | ES-MaCES | ||
| 005 | 20251115040003.0 | ||
| 008 | 170309s2017 sp | 000 ||spa | ||
| 017 |
_aB 1286-2017 _bDL |
||
| 020 | _a9788423426553 | ||
| 040 |
_aES-MaCES _bspa _cES-MaCES |
||
| 041 | 1 |
_aspa _heng |
|
| 100 | 1 |
_aTapscott, Don _924694 |
|
| 245 | 1 | 3 |
_aLa revolución blockchain _b: descubre cómo esta nueva tecnología transformará la economía global _cDon Tapscott, Alex Tapscott ; trad. por Juan Maunuel Salmerón |
| 250 | _a1ª ed | ||
| 260 |
_aBarcelona _bDeusto _c2017 |
||
| 300 |
_a447 p. _c23 cm |
||
| 500 | _aTraducción de: Blockchain revolution | ||
| 541 | _aCompra | ||
| 650 | 4 |
_anuevas tecnologías _930788 |
|
| 650 | 7 |
_atecnología de la información _930104 |
|
| 650 | 4 |
_acambio tecnológico _928236 |
|
| 650 | 4 |
_aInternet _930572 |
|
| 650 | 4 |
_aprotocolo de red _930575 |
|
| 650 | 4 |
_aevaluación del impacto _930732 |
|
| 650 | 4 |
_aeconomía _926781 |
|
| 650 | 7 |
_aeconomía colaborativa _937923 |
|
| 650 | 4 |
_aglobalización económica _930653 |
|
| 650 | 4 |
_asector financiero _930761 |
|
| 650 | 7 |
_afinanciación _928125 |
|
| 650 | 7 |
_asistema de pagos _928172 |
|
| 650 | 4 |
_aempresa _928178 |
|
| 650 | 4 |
_avolumen de negocios _927931 |
|
| 653 | 1 | 0 | _aEconomía |
| 700 | 1 |
_937914 _aTapscott , Alex |
|
| 700 | 1 |
_937915 _aSalmerón, Juan Maunuel _etr. |
|
| 740 | 0 | 2 | _aBlockchain revolution |
| 902 | _aLIB Libro | ||
| 942 |
_2CES _cBK _h0.0. |
||